| 000 | 00619nam a2200205Ia 4500 | ||
|---|---|---|---|
| 001 | 64462 | ||
| 003 | OSt | ||
| 005 | 20150702102900.0 | ||
| 008 | 150204s9999 xx 000 0 und d | ||
| 020 | _aNA | ||
| 040 | _cPK-LaUMT | ||
| 082 |
_a 891.4393 _bSUL-S |
||
| 100 | _aSultan Mahmood(سلطان محمود) | ||
| 245 |
_aShanasa chehray (Urdu)(شناسا چہرے) _cSultan Mahmood(سلطن محمود) |
||
| 260 |
_aLahore,Pakistan:(لاہور، پاکستان ) _bMaqbool Academy,(مقبول اکیڈمی) _c2003 |
||
| 300 | _a496 p. | ||
| 546 | _aUR | ||
| 650 | _aPakistani-Urdu-Literature | ||
| 942 |
_cBK _2ddc |
||
| 999 |
_c65608 _d65608 |
||